Pays d'Amérique du Sud par leur capitale - Statistiques

Statistiques générales
  • Ce quiz a été pris 187 fois
  • Le résultat moyen est 9 sur 12
Statistiques - réponses
Hint Réponse % Correct
Buenos Aires Argentine
91%
Brasilia Brésil
91%
Bogota Colombie
83%
Santiago Chili
81%
Lima Pérou
80%
Caracas Venezuela
75%
Sucre/La Paz Bolivie
74%
Montevideo Uruguay
73%
Quito Equateur
68%
Asuncion Paraguay
60%
Paramaribo Surinam
59%
Georgetown Guyana
53%
Aucun quiz correspondant
Distribution des résultats
% des personnes avec chaque résultat
Percentile par nombre de réponses
Votre historique - résultats
Vous n’avez pas pris ce quiz